| 000 | 00776nam a2200217 i 4500 | ||
|---|---|---|---|
| 001 | 132235 | ||
| 003 | ES-MaACL | ||
| 005 | 20250824040811.0 | ||
| 007 | t| | ||
| 008 | 070214s1979 sp r ||||1| spa d | ||
| 100 | 1 |
_aRomero, Elena, _d1942- _999318 |
|
| 245 | 1 | 3 |
_aEl teatro de los sefardíes orientales / _cElena Romero. |
| 260 |
_aMadrid : _bInstituto Arias Montano, _c1979. |
||
| 300 |
_a3 v. (XI, 1443 p., 1 h.) ; _c24 cm. |
||
| 490 | 1 |
_aPublicaciones de estudios sefardíes. Serie 2. Literatura ; _v3 |
|
| 650 | 7 |
_aTeatro sefardí _2embne _9170048 |
|
| 710 | 2 |
_aInstituto "Arias Montano" _94797 |
|
| 830 | 0 |
_aPublicaciones de estudios sefardíes. Serie 2. Literatura ; _v3 _9219639 |
|
| 852 |
_aES-MaACL _jL-407-9 _bR.101304 |
||
| 999 |
_c132235 _d132235 |
||